Il futurismo
Gorde:
| Egile nagusia: | |
|---|---|
| Formatua: | Liburua |
| Hizkuntza: | italiera |
| Argitaratua: |
Milán
Edizioni del Milione
1961
|
| Gaiak: | |
| Etiketak: |
Etiketa erantsi
Etiketarik gabe, Izan zaitez lehena erregistro honi etiketa jartzen!
|
MARC
| LEADER | 00000nam a2200000 a 4500 | ||
|---|---|---|---|
| 001 | UCV9863 | ||
| 003 | CL-VaPUC | ||
| 008 | 930621e19610000IT |||||||||||||||||ita|d | ||
| 082 | 0 | 4 | |a 759.0633 |b CAR |2 21 |
| 100 | 0 | |a Carrieri, Raffaele |e author |9 303862 | |
| 245 | 1 | 3 | |a Il futurismo |
| 300 | |a 176 p | ||
| 942 | |c BK | ||
| 945 | |d 19930621 00:00:00 | ||
| 260 | |a Milán |b Edizioni del Milione |c 1961 | ||
| 650 | 7 | |a FUTURISMO ARTE |2 CL-VaPUC |9 268816 | |
| 583 | |a last modification |c 19930621 00:00:00 |k Rodrigo Vera | ||
| 999 | |c 215142 |d 215140 | ||
| 952 | |0 0 |1 0 |4 0 |6 759_063300000000000_CAR_1961 |7 0 |8 F |9 199139 |a BIBARQ |b BIBARQ |d 2019-11-14 |i 2664577 |o 759.0633 CAR 1961 |p 2664577 |r 2025-01-20 |w 2019-11-14 |y BK_F |k ARQ | ||